Sinking under the weight of corruption: neoliberal reform, political accountability and justice /

সংরক্ষণ করুন:
গ্রন্থ-পঞ্জীর বিবরন
প্রধান লেখক: Soliman, Hussein
অন্যান্য লেখক: Cable, Sherry
বিন্যাস: পাঠ‍্য
ট্যাগগুলো: ট্যাগ যুক্ত করুন
কোনো ট্যাগ নেই, প্রথমজন হিসাবে ট্যাগ করুন!

MARC

LEADER 00000 a a2200000 04500
001 44823
003
040
100 |a Soliman, Hussein  
245 |a Sinking under the weight of corruption:   |b neoliberal reform, political accountability and justice /  |c Hussein Soliman, Sherry Cable  
500 |a scable@utk.edu  
590 |a DISEMINAR042013  
700 |a Cable, Sherry  
773 |g volumen59, número6 ( , 2011), páginas 735-753  
999 |c 38578  |d 38578